| 000 | 00381nam a2200145Ia 4500 | ||
|---|---|---|---|
| 008 | 230917s9999||||xx |||||||||||||| ||und|| | ||
| 040 |
_e249356 _aMAIN |
||
| 041 | _aEnglish | ||
| 082 | _a346.0486 N229L | ||
| 100 | _aNaveen Kumar | ||
| 245 | 0 | _a''Law relating to land acquisition in India: Emerging trends and issues'' | |
| 260 | _c2018 | ||
| 300 | _axvi, 296 p. | ||
| 942 | _cTH | ||
| 999 |
_c128103 _d128103 |
||